Matières de seconde obligatoires au lycée - Statistiques

Statistiques générales
  • Ce quiz a été pris 2 159 fois
    2 119 depuis la dernière actualisation
  • Le résultat moyen est 11 sur 12
Statistiques - réponses
Matières % Correct
Français
99%
Mathématiques
99%
Anglais
97%
Histoire - Géographie
95%
Physique - Chimie
95%
Espagnol
94%
Sciences de la Vie et de la Terre
94%
Éducation Physique et Sportive
93%
Allemand
84%
Sciences Économiques et Sociales
77%
Éducation Civique, Juridique et Sociale
69%
Sciences Numérique et Téchnologiques
65%
Aucun quiz correspondant
Distribution des résultats
% des personnes avec chaque résultat
Percentile par nombre de réponses
Votre historique - résultats
Vous n’avez pas pris ce quiz depuis la dernière actualisation